Лавлагаа ба мэдээллийн үйлчилгээ (Бичлэгийн дугаар. 42964)

MARC дэлгэрэнгүй
000 -Удирдлага
Ном зүйн бүртгэл тоо буюу кодлох утгыг агуулсан 02366 a2200241 4500
003 - ХЯНАЛТЫН ТОО ТОДОРХОЙЛОГЧ
Код MN-UlNLM
005 - ХАМГИЙН СҮҮЛИЙН ҮЕИЙН ХЭЛЦЛИЙН ОГНОО БА ЦАГ
Тухайн бичилтийг бичсэн засварласан сүүлийн огноо. 20220504164321.0
008 - ЕРӨНХИЙ МЭДЭЭЛЭЛ-ЭЛЕМЕНТҮҮДИЙН ӨГӨГДЛИЙН УРТ
fixed length control field a130t2001 mp ||||| |||| 00| 0 mon d
020 ## - ОЛОН УЛСЫН СТАНДАРТ НОМЫН ДУГААР-ISBN
Олон Улсын Стандарт Номын Дугаар 1-56308-621-2 1-56308-624-7
040 ## - ЭХ СУРВАЛЖИЙГ ТОДОРХОЙЛОН БИЧИХ
Анхны каталогийн байгууллага Монгол Улсын Үндэсний номын сан
084 ## - БУСАД АНГИЛЛЫН ДУГААР
Ангиллын нэр Номын сан номзүйн ангилал
Анги 78.5
Зохиогчийн 3-н тэмдэгт Б 573
Шинжлэх ухааны мэдлэгийн салбар Соёл, шинжлэх ухаан, боловсрол - 7
100 1# - ЗОХИОГЧИЙН ХЭСЭГ
Зохиогчийн нэр Бонн Р.Е.,
-- Смит Л.С.
245 1# - ҮНДСЭН ГАРЧИГ
Гарчиг Лавлагаа ба мэдээллийн үйлчилгээ
Гарчигт хамааралтай мэдээ Гарын авлага
250 ## - ХЭВЛЭЛТИЙН ТУХАЙ МЭДЭЭ
Дахин хэвлэлтийн мэдээ 3
260 0# - ГАРАЛТЫН ТУХАЙ МЭДЭЭ
Хэвлэгдсэн газар "АНУ"
Хэвлэгдсэн он 2001
300 ## - ТООНЫ МЭДЭЭ
Хуудасны тоо 753х
546 ## - ХЭЛНИЙ ТУХАЙ МЭДЭЭ
Хэл
653 ## - ТҮЛХҮҮР ҮГС
Түлхүүр үг Соёл шинжлэх ухаан боловсрол
-- Номзүй
-- Номзүй судлал
740 ## - НОМЫН АГУУЛГЫН ГАРЧИГ
Номын гарчгууд Лавлагааны үйлчилгээний түүх төрлүүд.
-- Лавлагааны үйлчилгээний ёс зүйн асуудлууд.
-- Лавлагааны ярилцлага.
-- Ном зүйн хяналт ,мэдээллийн зохион байгуулалт.
-- Лавлагааны электрон нөөцүүд.
-- Лавлагааны электрон мэдээллийн системийн тухай.
-- Хандалтад тулгуурласан лавлагааны үйлчилгээ
-- Сургалт.
-- Лавлагааны үйлчилгээг боловсронгуй болгох ньболовсон хүчинд чиг баримжаа олгох сургалт ба тасралтгүй боловсролын асуудлууд.
-- Лавлагааны үйлчилгээнд үнэлгээ өгөх асуудалд.
-- Лавлагааны үйлчилгээнд зохион байгуулж хүмүүст хүргэж удирдах нь.
-- Хүн амын тусгай бүлэгт зориулсан номын сангийн лавалгааны үйлчилгээ.
-- Лавлагааны эх сурвалжийн сонголт ба үнэлгээ.
-- Лавлахууд.
-- Товхимол,жилийн ном, гарын авлага.
-- Намтрын эх сурвалжууд.
-- Толь бичиг.
-- Нэвтэрхий толь.
-- Газарзүйн эх сурвалжууд.
-- Номзүйн эх сурвалжууд.
-- Хэлхээс ба хараангуй.
-- Засгийн газрын баримт бичгүүд ба статистик эх сурвалжууд.
856 ## - ЭЛЕКТРОН БАЙРЛАЛ БА ХОЛБООС
Төрөл Хэвлэмэл ном
942 ## - ЭЛЕМЕНТИЙН ТӨРӨЛ
Төрөл Ном
Захиалгууд
Буцаан татагдсан төлөв Хасагдсан шалтгаан Гэмтсэн төлөв Данс заагч Захиалах боломжгүй Үндсэн номын сан Одоогийн байршил Салбар танхим Сан хөмрөг 5 Бүртгэсэн огноо Тавиурын заалт Баркод Үнэ Хамгийн сүүлд байсан огноо Салбар Нийт уншлаганд гарсан тоо Төрөл Хамгийн сүүлд уншлаганд гарсан огноо
          МУҮНомын сан салбар МУҮНомын сан салбар МУҮНС салбар | Эрдэм танхим 7 давхар МУҮНС салбар | Эрдэм танхим 7 давхар 2021-09-30 4298 03004298 6000.00 2021-09-30 0000030042   Ном  
          МУҮНомын сан салбар МУҮНомын сан салбар МУҮНС салбар | Эрдэм танхим 7 давхар МУҮНС салбар | Эрдэм танхим 7 давхар 2018-06-28 4296 03004296 6000.00 2018-06-28 0000030042   Ном  
          МУҮНомын сан салбар МУҮНомын сан салбар МУҮНС салбар | Эрдэм танхим 7 давхар МУҮНС салбар | Эрдэм танхим 7 давхар 2021-09-14 4299 03004299 6000.00 2023-03-02 0000030042 3 Ном 2023-03-02
          МУҮНомын сан салбар МУҮНомын сан салбар МУҮНС салбар | Эрдэм танхим 7 давхар МУҮНС салбар | Эрдэм танхим 7 давхар 2021-09-14 4297 003000004297 6000.00 2022-11-20 0000030042   Ном  
          МУҮНомын сан салбар МУҮНомын сан салбар МУҮНС салбар | Эрдэм танхим 7 давхар МУҮНС салбар | Эрдэм танхим 7 давхар 2021-09-14 4300 03004300 6000.00 2021-09-14 0000030043 1 Ном 2018-12-20